banner koha

Cadastramento da cadeia produtiva da borracha natural (Registro n. 300496)

MARC details
000 -LÍDER
Campo de controle fixo 01241nam a22003977a 4500
001 - NÚMERO DE CONTROLE
Número de controle BR2024001968
003 - CÓDIGO MARC DA AGÊNCIA CATALOGADORA
Campo de controle BR-BrBNA
005 - DATA E HORA DA ÚLTIMA ATUALIZAÇÃO
Campo de controle 20240711164548.0
008 - CAMPO DE TAMANHO FIXO
Campo fixo de controle 240711b bl.||||| |||| 00| 0 por d
040 ## - FONTE DA CATALOGAÇÃO
Agência catalogadora BR-BrBNA
Idioma da catalogação por
041 ## - CÓDIGO DO IDIOMA
Código do Idioma por
072 ## - CATEGORIA AGRIS
Código da categoria de assunto/objeto <a href="K10 ; E40 ; K50">K10 ; E40 ; K50</a>
Código do objeto 2480
090 ## - NÚMERO DE CHAMADA
Localização na estante 2480 BR2024001968
110 ## - ENTRADA PRINCIPAL - ENTIDADE
Nome da entidade ou lugar Ministério da Agricultura e do Abastecimento, Brasília, DF (Brasil)
9 (RLIN) 6726
110 ## - ENTRADA PRINCIPAL - ENTIDADE
Nome da entidade ou lugar Fundação Arthur Bernardes, Viçosa, MG (Brasil)
9 (RLIN) 5082
245 ## - TÍTULO PRINCIPAL
Título principal Cadastramento da cadeia produtiva da borracha natural
Subtítulo Programa de Concessão de Subvenção Econômica à Comercialização da Borracha Natural
260 ## - IMPRENTA (PUBLICAÇÃO, DISTRIBUIÇÃO, ETC.)
Lugar de publicação, distribuição, etc. Brasília, DF (Brasil)
Data de publicação, distribuição, etc 2001
300 ## - DESCRIÇÃO FÍSICA
Extensão 63 p.
500 ## - NOTA GERAL
Notas gerais 24 illlus.; 42 tables
650 ## - ASSUNTO - THESAGRO
Cabeçalho tópico ou nome geográfico SERINGUEIRA
650 ## - ASSUNTO - THESAGRO
Cabeçalho tópico ou nome geográfico PLANTA PRODUTORA DE BORRACHA
650 ## - ASSUNTO - THESAGRO
Cabeçalho tópico ou nome geográfico LÁTEX
650 ## - ASSUNTO - THESAGRO
Cabeçalho tópico ou nome geográfico BORRACHA BRASILEIRA
650 ## - ASSUNTO - THESAGRO
Cabeçalho tópico ou nome geográfico ESPÉCIE NATIVA
650 ## - ASSUNTO - THESAGRO
Cabeçalho tópico ou nome geográfico SISTEMA DE CULTIVO
650 ## - ASSUNTO - THESAGRO
Cabeçalho tópico ou nome geográfico PRODUTOR
650 ## - ASSUNTO - THESAGRO
Cabeçalho tópico ou nome geográfico PRODUÇÃO
650 ## - ASSUNTO - THESAGRO
Cabeçalho tópico ou nome geográfico CADEIA PRODUTIVA
650 ## - ASSUNTO - THESAGRO
Cabeçalho tópico ou nome geográfico EXPLORAÇÃO FLORESTAL
650 ## - ASSUNTO - THESAGRO
Cabeçalho tópico ou nome geográfico COMERCIALIZAÇÃO
650 ## - ASSUNTO - THESAGRO
Cabeçalho tópico ou nome geográfico COOPERATIVA DE PRODUTORES
650 ## - ASSUNTO - THESAGRO
Cabeçalho tópico ou nome geográfico BENEFICIADOR
650 ## - ASSUNTO - THESAGRO
Cabeçalho tópico ou nome geográfico CONSUMO
909 ## - IDENTIFICAÇÃO DO CATALOGADOR
Ano e mês da catalogação (aaaamm) 202407
Identificação do catalogador Fernando
942 ## - TIPO ESPECÍFICO
Tipo de material Livros
952 ## - LOCATION AND ITEM INFORMATION (KOHA)
-- 2024-07-11
Exemplares
Status de empréstimo Fonte de classificação Status de danificação Não pode ser emprestado Código da coleção Localização permanente Localização atual Localização na estante Total Checkouts Número de chamada Código de barras Tipo de material
  Classificação AGRIS     Agrobase Biblioteca Nacional de Agricultura - Binagri Biblioteca Nacional de Agricultura - Binagri Agrobase - Acervo Geral   2480 BR2024001968 2024-3215 Livros

BINAGRI

Telefone: (61)3218-2567/2388/3357/2097 - binagri@agro.gov.br

Ministério da Agricultura e Pecuária , Esplanada dos Ministérios, Bloco D, Anexo B, Brasília/DF, CEP: 70.043-900